00333nam a2200133Ia 4500008004100000082001500041100001700056245002500073250000800098260003800106300001300144500002400157650001800181230524s9999 xx 000 0 und d a4.133bSEN aEnic Pansole 0aLearning For Earning a2ND aNEW DELHIbUniversity Pressc1989 aXVII;853 aQuantity Number: 1 aMiscellaneous